000 00216 a2200097 4500
001 15087
100 _aFox C.S
245 _aPhysical geog for Indian std
260 _aLondon
_bMacmillan pub
_c
090 _c11842
_d11842
942 _aNUST-CAE
_cM
_c2050
999 _c250160
_d250160